Annotated bibliography of the bauxite deposits of the world /

Bibliographic Details
Main Author: Fischer, Elizabeth C. (Author)
Format: Government Document eBook
Language:English
Published: [Washington, D.C.] : United States Department of the Interior, Geological Survey, 1955.
Series:Geological Survey bulletin ; 999.
Subjects:
Online Access:https://purl.fdlp.gov/GPO/gpo65425

MARC

Tag First Indicator Second Indicator Subfields
LEADER 00000cam a2200000Ii 4500
001 in00003801713
005 20211120173848.0
006 m o d f
007 cr mn|||||||||
008 140731s1955 dcuaf oab f001 0 eng d
035 |a (OCoLC)ocn885009264 
040 |a COP  |b eng  |e rda  |e pn  |c COP  |d OCLCO  |d OCLCF  |d GPO  |d COO  |d GPO  |d MvI  |d UtOrBLW 
049 |a WWW 
074 |a 0620 (online) 
086 0 |a I 19.3:999 
100 1 |a Fischer, Elizabeth C.,  |e author. 
245 1 0 |a Annotated bibliography of the bauxite deposits of the world /  |c by Elizabeth C. Fischer. 
264 1 |a [Washington, D.C.] :  |b United States Department of the Interior, Geological Survey,  |c 1955. 
264 2 |a Washington :  |b United States Government Printing Office 
300 |a 1 online resource (iii, 221 pages, 1 page of plates) :  |b color illustration. 
336 |a text  |b txt  |2 rdacontent 
337 |a computer  |b c  |2 rdamedia 
338 |a online resource  |b cr  |2 rdacarrier 
490 1 |a Geological Survey bulletin ;  |v 999 
500 |a Title from title screen (viewed July 21, 2014). 
500 |a Includes index. 
650 0 |a Bauxite  |v Bibliography. 
650 0 |a Bauxite  |v Abstracts. 
650 7 |a Bauxite.  |2 fast  |0 (OCoLC)fst00828973 
655 7 |a Abstracts.  |2 fast  |0 (OCoLC)fst01423683 
655 7 |a Bibliography.  |2 fast  |0 (OCoLC)fst01423717 
710 2 |a Geological Survey (U.S.),  |e issuing body.  |0 http://id.loc.gov/authorities/names/n80092173 
776 0 8 |i Print version:  |a Fischer, Elizabeth C. (Elizabeth Claire), 1915-  |t Annotated bibliography of the bauxite deposits of the world  |w (DLC)gs 55000224  |w (OCoLC)4170999 
830 0 |a Geological Survey bulletin ;  |v 999.  |0 http://id.loc.gov/authorities/names/n42012100 
856 4 0 |u https://purl.fdlp.gov/GPO/gpo65425  |t 0 
999 f f |s 8bf7e5ea-1110-3f74-9a25-e7da19246066  |i f7741dd1-bf40-37d5-a85e-c30d91490cd6  |t 0 
952 f f |a Texas A&M University  |b College Station  |c Electronic Resources  |d Available Online  |t 0  |e I 19.3:999  |h Superintendent of Documents classification 
998 f f |a I 19.3:999  |t 0  |l Available Online